|
|
|
|
| LEADER |
02477nam a22004574a 4500 |
| 001 |
EBC182606 |
| 003 |
MiAaPQ |
| 005 |
20200520144314.0 |
| 006 |
m o d | |
| 007 |
cr cn||||||||| |
| 008 |
021113s2003 enka sb 001 0 eng |
| 010 |
|
|
|z 2002153863
|
| 020 |
|
|
|z 0415316367 (hdbk.)
|
| 020 |
|
|
|z 0415316375 (pbk.)
|
| 035 |
|
|
|a (MiAaPQ)EBC182606
|
| 035 |
|
|
|a (Au-PeEL)EBL182606
|
| 035 |
|
|
|a (CaPaEBR)ebr10097364
|
| 035 |
|
|
|a (CaONFJC)MIL2305
|
| 035 |
|
|
|a (OCoLC)54494689
|
| 040 |
|
|
|a MiAaPQ
|c MiAaPQ
|d MiAaPQ
|
| 043 |
|
|
|a ea-----
|
| 050 |
|
4 |
|a HC460.5
|b .R475 2003
|
| 082 |
0 |
4 |
|a 330.95/03
|2 21
|
| 084 |
|
|
|a 83.30
|2 bcl
|
| 245 |
0 |
4 |
|a The resurgence of East Asia
|h [electronic resource] :
|b 500, 150 and 50 year perspectives /
|c edited by Giovanni Arrighi, Takeshi Hamashita, and Mark Selden.
|
| 260 |
|
|
|a London ;
|a New York :
|b Routledge,
|c 2003.
|
| 300 |
|
|
|a xii, 354 p. :
|b ill.
|
| 490 |
1 |
|
|a Asia's transformations
|
| 504 |
|
|
|a Includes bibliographical references and index.
|
| 505 |
0 |
0 |
|t The rise of East Asia in regional and world historical perspective /
|r Giovanni Arrighi, Takeshi Hamashita, Mark Selden --
|t Tribute and treaties: maritime Asia and treaty port networks in the era of negotiation, 1800-1900 /
|r Takeshi Hamashita --
|t A frontier view of Chineseness /
|r Peter C. Perdue --
|t The East Asian path of economic development: a long-term perspective /
|r Kaoru Sugihara --
|t Women's work, family, and economic development in Europe and East Asia: long-term trajectories and contemporary comparisons /
|r Kenneth Pomeranz --
|t The importance of commerce in the organization of China's late imperial economy /
|r Gary G. Hamilton, Wei-An Chang --
|t Japan, technology and Asian regionalism in comparative perspective /
|r Peter J. Katzenstein --
|t Historical capitalism, East and West /
|r Giovanni Arrighi, Po-Keung Hui, Ho-Fung Hung, Mark Selden.
|
| 533 |
|
|
|a Electronic reproduction. Ann Arbor, MI : ProQuest, 2015. Available via World Wide Web. Access may be limited to ProQuest affiliated libraries.
|
| 651 |
|
0 |
|a East Asia
|x Economic conditions.
|
| 651 |
|
0 |
|a East Asia
|x Commerce.
|
| 651 |
|
0 |
|a East Asia
|x Economic integration.
|
| 655 |
|
4 |
|a Electronic books.
|
| 700 |
1 |
|
|a Arrighi, Giovanni.
|
| 700 |
1 |
|
|a Hamashita, Takeshi,
|d 1943-
|
| 700 |
1 |
|
|a Selden, Mark.
|
| 710 |
2 |
|
|a ProQuest (Firm)
|
| 830 |
|
0 |
|a Asia's transformations.
|
| 856 |
4 |
0 |
|u https://ebookcentral.proquest.com/lib/matrademy/detail.action?docID=182606
|z Click to View
|